|
000
|
00924nam0 2200265 45
|
|
001
|
012011003417
|
|
005
|
20260428110839.93
|
|
010
|
|
@a978-7-115-23734-7@dCNY88.00(含光盘)
|
|
100
|
|
@a20111213d2010 em y0chiy0121 ea
|
|
101
|
0
|
@achi
|
|
102
|
|
@aCN@b110000
|
|
105
|
|
@aa z 000yy
|
|
106
|
|
@ar
|
|
200
|
1
|
@a创意字体设计与制作@AChuang Yi Zi Ti She Ji Yu Zhi Zuo@9she ji feng shang@h4@f凤舞视觉编著
|
|
210
|
|
@a北京@c人民邮电出版社@d2010.11
|
|
215
|
|
@a372页@c图@d26cm@e光盘1片
|
|
307
|
|
@a附光盘:ISBN 978-7-89443-186-8
|
|
330
|
|
@a本书介绍了品牌艺术字、爱恋艺术字、婚纱艺术字、儿童艺术字、节日艺术字、创意艺术字、宣传艺术字、商场艺术字、房产艺术字等9类文字效果的设计与制作内容。
|
|
606
|
0
|
@a艺术@x计算机辅助设计
|
|
606
|
0
|
@a艺术
|
|
606
|
0
|
@a计算机辅助设计
|
|
690
|
|
@aJ0@v4
|
|
711
|
02
|
@a凤舞视觉@9feng wu shi jue@4编著
|
|
801
|
0
|
@aCN@bSOFMIT@c
|
|
905
|
|
@aCKNYKJZYXY@b300408481-5@dJ0@e90@f3
|
|
|
|
|
| |
| 创意字体设计与制作.4/凤舞视觉编著.-北京:人民邮电出版社,2010.11 |
| 372页:图;26cm+光盘1片 |
| |
| |
| ISBN 978-7-115-23734-7:CNY88.00(含光盘) |
| 本书介绍了品牌艺术字、爱恋艺术字、婚纱艺术字、儿童艺术字、节日艺术字、创意艺术字、宣传艺术字、商场艺术字、房产艺术字等9类文字效果的设计与制作内容。 |
| ● |
正题名:创意字体设计与制作
索取号:J0/90
 
预约/预借
| 序号
|
登录号
|
条形码
|
馆藏地/架位号
|
状态
|
备注
|
|
1
|
408481
|
300408481
|
柳城-4楼/37架2列4层/
[索取号:J0/90]
|
在馆
|
|
|
2
|
408482
|
300408482
|
海科密-1楼/海科密-1楼38架1列3层/
[索取号:J0/90]
|
在馆
|
|
|
3
|
408483
|
300408483
|
柳城-4楼/37架2列4层/
[索取号:J0/90]
|
在馆
|
|
|
4
|
408484
|
300408484
|
柳城-4楼/37架2列4层/
[索取号:J0/90]
|
在馆
|
|
|
5
|
408485
|
300408485
|
海科密-1楼/海科密-1楼38架1列3层/
[索取号:J0/90]
|
在馆
|
|